| 000 | 00371cam a22001217a 4500 | ||
|---|---|---|---|
| 008 | 180718b1988 xxu||||| |||| 00| 0 eng d | ||
| 082 | _aT3444x5434 Sa97 CRS | ||
| 100 | _aSaxena, H.M. | ||
| 245 |
_aRural markets and development: a case study of Rajasthan state _cby H.M. Saxena |
||
| 260 |
_aJaipur _bRawat _c1988 |
||
| 300 | _a126p. | ||
| 650 | _aMarkets - India - Rajasthan | ||
| 999 |
_c353713 _d353713 |
||